REGULÁCIA HLADÍN A FYZIOLOGICKÉ FUNKCIE MELATONÍNU V GASTROINTESTINÁLNOM TRAKTE KURČIAT A PREPELÍC JAPONSKÝCH

Bibliographic Details
Main Authors: Herichová, Iveta, 1971- (Author), Lamošová, D. (Author), Zeman, M. (Author)
Format: Article
Language:Slovak
ISBN:8071377465

MARC

LEADER 00000naa a2200000uu 4500
001 vtls011051383
003 SK-MaSNL
005 20260302142717.0
008 210910|2000 xo |||||||||||||||||slo|
015 |a SNBRA 
035 |a (urnnbn)urn:nbn:sk:snk:ar-a0bupt 
035 |a (uuid)7066d788-5dcd-4744-bd77-ede73d8a0f0d 
035 |a urn:nbn:sk:snk-aav1r1 
040 |a SNKBUCL  |b slo  |c SNKBUCL  |e AACR2 
041 0 |a slo 
044 |a xo  |c SK 
100 1 |a Herichová, Iveta,  |d 1971-  |4 aut  |9 207997 
245 1 0 |a REGULÁCIA HLADÍN A FYZIOLOGICKÉ FUNKCIE MELATONÍNU V GASTROINTESTINÁLNOM TRAKTE KURČIAT A PREPELÍC JAPONSKÝCH  |c I. Herichová, D. Lamošová, M. Zeman 
700 1 |a Lamošová, D.  |4 aut  |9 794126 
700 1 |a Zeman, M.  |4 aut  |9 452172 
773 0 |t 4. celoslovenský seminár z fyziológie živočíchov, 6.-7. septembra 2000, SPU Nitra  |d V Nitre : Slovenská poľnohospodárska univerzita, 2000  |g S. 12-13  |z 8071377465 
958 |a OND 
958 |a article12 
958 |a chapter 
999 |c 1340439  |d 1342369